000 00551nam a2200217Ia 4500
005 20250923150120.0
008 008 250917s9999 xx 000 0 eng d
037 _aTextual
040 _aDSWL
_beng
_cDSWL
041 _aeng
_2eng
084 _qDSWL
100 _aReamer, F G
_9842397
245 0 _aSocial work values and ethics
_c by F G Reamer
250 _a2
260 _aNew York
_b Columbia University Press
_c1999
300 _a247p.
365 _aINR
_b810.15
925 _g810.15
942 _cTEXL
999 _c1459719
_d1459719